Welcome to the Holygrace Academy Library

Please use search bar below to get started

THE QUIZ BOOK FOR SPIES (Record no. 6550)

MARC details
000 -LEADER
fixed length control field 00306nam a22001337a 4500
020 ## - INTERNATIONAL STANDARD BOOK NUMBER
ISBN 978-93-85887-97-0
082 ## - DEWEY DECIMAL CLASSIFICATION NUMBER
Classification number 001
Item number BEC/Q
100 ## - MAIN ENTRY--AUTHOR NAME
Personal name BECKER, H
245 ## - TITLE STATEMENT
Title THE QUIZ BOOK FOR SPIES
260 ## - PUBLICATION, DISTRIBUTION, ETC. (IMPRINT)
Place of publication NEW YORK
Name of publisher SCHOLASTIC INC
Year of publication 2012
300 ## - PHYSICAL DESCRIPTION
Number of Pages 95
650 ## - SUBJECT ADDED ENTRY--TOPICAL TERM
Topical Term GENERAL KNOWLEDGE
Geographic subdivision INDIA
942 ## - ADDED ENTRY ELEMENTS (KOHA)
Koha item type Books
Holdings
Withdrawn status Lost status Collection code Home library Current library Shelving location Date acquired Source of acquisition Cost, normal purchase price Full call number Accession Number Koha item type
    G.K Main Library Main Library SHELF-17B-- G.K RELATED QUIZ BOOK 19/10/2018 purchase 150.00 001 BEC/Q 10325 Books